000
00303nam a2200109 4500
008
180215b xxu||||| |||| 00| 0 eng d
245
_a
Rubber farmers seek P39-million PRDP aid.
260
_a
Philippines:
_b
Sun Star Davao,
_c
c2016.
300
_a
page 7.
650
0
_9
26504
_a
Agriculture.
942
_2
ddc
_c
PER
999
_c
8650
_d
8650